[Event "Samara Polugaevsky Memorial 7th"]
[Site "Samara"]
[Date "2017.07.09"]
[Round "2"]
[White "Trifonov, Jaroslav"]
[Black "Alieva, Alexandra"]
[Result "0-1"]
[WhiteElo "1871"]
[BlackElo "2138"]
[PlyCount "130"]
[EventDate "2017.07.08"]
[EventType "swiss"]
[EventRounds "9"]
[EventCountry "RUS"]
[SourceTitle "EXT 2018"]
[Source "ChessBase"]
[SourceDate "2017.10.13"]
[SourceVersion "1"]
[SourceVersionDate "2017.10.13"]
[SourceQuality "1"]

1. c4 Nf6 2. Nc3 c5 3. e4 e5 4. g3 Nc6 5. Bg2 d6 6. Nge2 Be7 7. 0-0 0-0 8. d3 Bg4 9. h3 Bh5 10. g4 Bg6 11. f4 exf4 12. Bxf4 h5 13. Ng3 hxg4 14. hxg4 Ne5 15. Bf3 Nh7 16. Nf5 Bg5 17. Nd5 Bxf4 18. Nxf4 Bxf5 19. exf5 Qg5 20. Nd5 g6 21. Be2 Nf6 22. Nxf6+ Qxf6 23. Kg2 Kg7 24. Qd2 g5 25. Rh1 Rh8 26. Raf1 Rad8 27. Rxh8 Rxh8 28. Rh1 Rxh1 29. Kxh1 d5 30. Qe3 d4 31. Qe4 Qc6 32. Qxc6 Nxc6 33. Kg2 Kf6 34. Kf3 Ke5 35. a3 f6 36. Bd1 a6 37. Ba4 Na7 38. Bd7 Kd6 39. Be8 Ke7 40. Ba4 b5 41. cxb5 axb5 42. Bd1 Nc6 43. Ke4 Kd6 44. a4 bxa4 45. Bxa4 Ne7 46. Bb3 Kc6 47. Bc4 Nc8 48. Bd5+ Kb5 49. Bc4+ Kb4 50. Bg8 Nb6 51. b3 Nd7 52. Kd5 Ne5 53. Ke6 Nxg4 54. Ke7 Kc3 55. Bc4 Kd2 56. Ba6 Kc2 57. Bc4 Kd2 58. Ba6 Ke3 59. Kd6 Kf4 60. Kd5 Ne5 61. Kxc5 g4 62. Bb7 Nf3 63. b4 g3 64. b5 g2 65. Bxf3 Kxf3 0-1

[Event "Samara Polugaevsky Memorial 7th"]
[Site "Samara"]
[Date "2017.07.08"]
[Round "1"]
[White "Karpeshov, Oleg Mikhailovich"]
[Black "Trifonov, Jaroslav"]
[Result "1-0"]
[WhiteElo "2324"]
[BlackElo "1871"]
[PlyCount "75"]
[EventDate "2017.07.08"]
[EventType "swiss"]
[EventRounds "9"]
[EventCountry "RUS"]
[SourceTitle "EXT 2018"]
[Source "ChessBase"]
[SourceDate "2017.10.13"]
[SourceVersion "1"]
[SourceVersionDate "2017.10.13"]
[SourceQuality "1"]

1. Nf3 c5 2. c4 Nc6 3. Nc3 g6 4. e3 Bg7 5. d4 cxd4 6. exd4 d6 7. h3 Nf6 8. d5 Nb8 9. Bd3 0-0 10. 0-0 Nbd7 11. Re1 Nc5 12. Bf1 a6 13. Bf4 Re8 14. b4 Ncd7 15. Rc1 Nh5 16. Bg5 Ne5 17. Nxe5 Bxe5 18. Qd2 Bg7 19. c5 Bf8 20. Ne4 f6 21. Be3 dxc5 22. bxc5 e5 23. Bc4 Kh8 24. d6 Be6 25. Bxe6 Rxe6 26. Qd5 Re7 27. Rb1 Rd7 28. Rxb7 Rxb7 29. Qxb7 Rb8 30. Qd5 Ng7 31. c6 Rc8 32. d7 Rb8 33. Rc1 Qc7 34. Qf7 Ba3 35. Rd1 Rd8 36. Qxf6 Kg8 37. Bg5 Rf8 38. d8Q 1-0

[Event "Samara Polugaevsky Memorial 6th"]
[Site "Samara"]
[Date "2016.07.07"]
[Round "5"]
[White "Trifonov, Jaroslav"]
[Black "Ginosyan, Razmik"]
[Result "0-1"]
[WhiteElo "1715"]
[BlackElo "2069"]
[PlyCount "70"]
[EventDate "2016.07.03"]
[EventType "swiss"]
[EventRounds "9"]
[EventCountry "RUS"]
[SourceTitle "EXT 2019"]
[Source "ChessBase"]
[SourceDate "2018.10.10"]
[SourceVersion "1"]
[SourceVersionDate "2018.10.10"]
[SourceQuality "1"]

1. c4 c6 2. d4 d5 3. Nc3 Nf6 4. cxd5 cxd5 5. Bf4 Nc6 6. e3 Bg4 7. Qb3 Na5 8. Bb5+ Bd7 9. Qa4 e6 10. Nf3 Nc6 11. 0-0 a6 12. Bxc6 Bxc6 13. Qb3 Nh5 14. Bg5 f6 15. Bh4 g5 16. Bg3 Nxg3 17. hxg3 Qd7 18. Rfe1 g4 19. Nd2 f5 20. f4 gxf3 21. gxf3 e5 22. f4 Rg8 23. Kf2 Qg7 24. Nf1 0-0-0 25. fxe5 h5 26. Ke2 Qg4+ 27. Kd2 Bh6 28. Rac1 Qxd4+ 29. Ke2 Qg4+ 30. Kd3 d4 31. Ne2 Qe4+ 32. Kc4 dxe3+ 33. Kc5 Qxe5+ 34. Kb6 Qc7+ 35. Ka7 b6+ 0-1

[Event "Samara Polugaevsky Memorial 6th"]
[Site "Samara"]
[Date "2016.07.06"]
[Round "4"]
[White "Trifonov, Jaroslav"]
[Black "Gusev, Boris A"]
[Result "1-0"]
[WhiteElo "1715"]
[BlackElo "1869"]
[PlyCount "95"]
[EventDate "2016.07.03"]
[EventType "swiss"]
[EventRounds "9"]
[EventCountry "RUS"]
[SourceTitle "EXT 2019"]
[Source "ChessBase"]
[SourceDate "2018.10.10"]
[SourceVersion "1"]
[SourceVersionDate "2018.10.10"]
[SourceQuality "1"]

1. c4 g6 2. Nc3 Bg7 3. g3 Nf6 4. Bg2 d6 5. d3 c6 6. e4 e5 7. Nge2 Be6 8. 0-0 0-0 9. h3 c5 10. f4 Nc6 11. f5 Bd7 12. g4 Ne8 13. Nd5 f6 14. Nec3 Nd4 15. Be3 g5 16. Kf2 a6 17. h4 h6 18. b3 b5 19. Bxd4 cxd4 20. Ne2 Kf7 21. Rh1 Rh8 22. Ng3 Nc7 23. Nb6 Rb8 24. Nxd7 Qxd7 25. Rc1 b4 26. hxg5 hxg5 27. Nh5 a5 28. Qc2 Na6 29. Rh3 Nc5 30. Rch1 a4 31. Rb1 axb3 32. axb3 Ra8 33. Rhh1 Ra3 34. Rb2 Rha8 35. Rhb1 Qa7 36. Ke2 Ra2 37. Ng3 Qa3 38. Rxa2 Qxa2 39. Rb2 Qa1 40. Bf1 Qa5 41. Nh5 Qb6 42. Ra2 Ra3 43. Rb2 Qa5 44. Ng3 Bf8 45. Kf3 Qa8 46. Ne2 Be7 47. Kf2 Qh8 48. Kf3 1-0

[Event "Samara Polugaevsky Memorial 5th"]
[Site "Samara"]
[Date "2015.07.10"]
[Round "8"]
[White "Trifonov, Jaroslav"]
[Black "Alieva, Alexandra"]
[Result "0-1"]
[WhiteElo "1789"]
[BlackElo "1973"]
[PlyCount "170"]
[EventDate "2015.07.03"]
[EventType "swiss"]
[EventRounds "9"]
[EventCountry "RUS"]
[SourceTitle "EXT 2017"]
[Source "ChessBase"]
[SourceDate "2016.10.25"]
[SourceVersion "1"]
[SourceVersionDate "2016.10.25"]
[SourceQuality "1"]

1. d4 d5 2. Nf3 Nf6 3. e3 c5 4. dxc5 e6 5. a3 Bxc5 6. c4 0-0 7. b4 Be7 8. Bb2 a5 9. b5 Nbd7 10. Nc3 Nb6 11. cxd5 exd5 12. Na4 Bg4 13. Be2 Rc8 14. Rc1 Rxc1 15. Bxc1 Ne4 16. Nxb6 Qxb6 17. Qxd5 Nc3 18. Qc4 Nxe2 19. Qxe2 Bxf3 20. gxf3 Qg6 21. Kf1 Rc8 22. Qd1 Bh4 23. Bd2 Rc2 24. Be1 Rb2 25. Qd7 h5 26. Qxb7 Qd3+ 27. Kg2 Rxb5 28. Qa8+ Bd8 29. Rg1 Rd5 30. Qc6 Qd1 31. f4 Rd6 32. Qe8+ Kh7 33. Qe4+ Rg6+ 34. Kf1 Kh6 35. Rxg6+ fxg6 36. Qd4 Qxd4 37. exd4 a4 38. Bb4 g5 39. fxg5+ Kxg5 40. Ke2 Bc7 41. h3 Kh4 42. Be7+ Kxh3 43. Kf1 Kg4 44. d5 Bb6 45. d6 Bc5 46. Bf8 Bb6 47. Bxg7 Kf5 48. Bf8 Ke6 49. d7 Kxd7 50. Kg2 Ke6 51. f3 Kf5 52. Kg3 Bd8 53. Bd6 Bg5 54. Bb4 Bd8 55. Bd6 Bf6 56. f4 Ke4 57. Bb4 Bd8 58. Bd6 Kd5 59. Bb4 Ke4 60. Bf8 Kf5 61. Bd6 Bf6 62. Bb4 h4+ 63. Kf3 Bd8 64. Bd6 Bb6 65. Bb4 Bc7 66. Bd2 Bd6 67. Bc1 Be7 68. Kg2 Kg4 69. f5 h3+ 70. Kh1 Kxf5 71. Kh2 Kg4 72. Bb2 Bd6+ 73. Kh1 Kf3 74. Kg1 Ke3 75. Bg7 Kd3 76. Kh1 Kc2 77. Kg1 Kb3 78. Kh1 Kxa3 79. Kg1 Kb3 80. Kf2 a3 81. Kg1 a2 82. Kf1 Bb4 83. Kf2 Bc3 84. Bxc3 Kxc3 85. Kg3 a1Q 0-1